| 000 | 00468nam a2200169Ia 4500 | ||
|---|---|---|---|
| 008 | 220531s9999 xx 000 0 und d | ||
| 041 | _amar | ||
| 100 |
_aजाटवड..आर. _959765 |
||
| 245 | _aनितीशास्त्र के प्रमुख सिध्दांत. | ||
| 250 | _a1ST | ||
| 260 |
_bMalik _c2005 |
||
| 300 | _a390 | ||
| 542 | _d17-03-2006 | ||
| 650 |
_aSociology _959766 |
||
| 906 | _d2005-2006 | ||
| 999 |
_c34192 _d34192 |
||